[Event "Invitation"]
[Site "http://www.queenalice.com/game.php?id=607267"]
[Date "2009.6.22"]
[Round "-"]
[White "GleidsonVigne"]
[Black "kkwieder"]
[Result "1-0"]
[WhiteElo "1423"]
[BlackElo "1100"]

1. d4 d5 2. Nc3 Be6 3. e3 f5 4. Be2 h5 5. Bxh5+ Rxh5 6. Qxh5+ Kd7 7. Nf3 Kc8 8.
Ng5 Kd7 9. Qg6 a5 10. Qxe6+ Ke8 11. Qxg8 Ra6 12. a4 Rg6 13. Qf7+ Kd7 14. Qxg6
Qe8 15. Nxd5 Qxg6 16. e4 Qxg5 17. Bxg5 Ke8 18. exf5 Nd7 19. Ra3 c6 20. Nc7+ Kd8
21. Na8 c5 22. Rb3 g6 23. Rxb7 cxd4 24. Rb8+ Nxb8 25. fxg6 1-0

[Event "AUTO-BEG-522"]
[Site "http://www.queenalice.com/game.php?id=1025174"]
[Date "2012.2.2"]
[Round "1"]
[White "petrucius"]
[Black "kkwieder"]
[Result "0-1"]
[WhiteElo "951"]
[BlackElo "1130"]

1. c4 e5 2. Nf3 Bc5 3. Nxe5 d6 4. e4 Qf6 5. Qa4+ Ke7 6. Nd3 Bd7 7. Qxd7+ Nxd7 8.
f3 Nh6 9. Nxc5 b6 10. Nxd7 Kxd7 11. Nc3 c6 12. Ne2 Rhe8 13. d4 Ke7 14. g4 Qxf3
15. Bd2 Qxh1 16. Bg5+ Kf8 17. Ng3 Qxh2 18. Nf5 Rxe4+ 19. Kd1 Rae8 20. Nxd6 Qxd6
21. Bg2 Re1+ 22. Kd2 Qg3 23. Bxc6 R8e2# 0-1

[Event "AUTO-BEG-522"]
[Site "http://www.queenalice.com/game.php?id=1025175"]
[Date "2012.2.2"]
[Round "1"]
[White "kkwieder"]
[Black "petrucius"]
[Result "1-0"]
[WhiteElo "1155"]
[BlackElo "938"]

1. e4 e5 2. Nf3 d6 3. Bc4 Be6 4. b3 Bg4 5. d3 a5 6. Qd2 Nc6 7. Ng5 h6 8. Nxf7
Kd7 9. Nxd8 Rxd8 10. O-O Nf6 11. c3 b6 12. d4 Nxe4 13. Qb2 Rb8 14. Bb5 exd4 15.
cxd4 Re8 16. Qc2 Be2 17. Qxc6+ Ke6 18. Qxe8+ Kd5 19. Bf4 Bxf1 20. Nc3+ Nxc3 21.
Qc6+ Kxd4 22. Rxf1 Ne2+ 23. Bxe2 Be7 24. Qc4# 1-0

[Event "AUTO-BEG-522"]
[Site "http://www.queenalice.com/game.php?id=1025180"]
[Date "2012.2.2"]
[Round "1"]
[White "belzinha"]
[Black "kkwieder"]
[Result "1-0"]
[WhiteElo "1237"]
[BlackElo "1190"]

1. e4 e5 2. Nf3 Nc6 3. Bc4 h6 4. Nc3 d6 5. d4 Bg4 6. h3 Be6 7. d5 Qd7 8. dxe6
fxe6 9. O-O O-O-O 10. Be3 Nf6 11. Nb5 Nxe4 12. Nxa7+ Kb8 13. Nxc6+ bxc6 14. c3
Kc8 15. Ba6+ Kb8 16. Qb3+ Ka8 17. Qb7# 1-0

[Event "AUTO-BEG-522"]
[Site "http://www.queenalice.com/game.php?id=1025181"]
[Date "2012.2.2"]
[Round "1"]
[White "kkwieder"]
[Black "belzinha"]
[Result "0-1"]
[WhiteElo "1173"]
[BlackElo "1251"]

1. e4 e5 2. Nf3 Nc6 3. d3 Nf6 4. Nc3 Bc5 5. Bg5 O-O 6. Be2 h6 7. Bxh6 gxh6 8.
O-O d5 9. exd5 Nd4 10. a3 Bf5 11. Nh4 c6 12. b4 Nxe2+ 13. Qxe2 Bg4 14. Qd2 Nxd5
15. bxc5 Nf4 16. g3 Nh3+ 17. Kh1 Qxh4 18. Rae1 Bf3# 0-1

[Event "AUTO-BEG-531"]
[Site "http://www.queenalice.com/game.php?id=1048743"]
[Date "2012.4.14"]
[Round "1"]
[White "djoko"]
[Black "kkwieder"]
[Result "1-0"]
[WhiteElo "1721"]
[BlackElo "1207"]

1. e4 e5 2. Nf3 Nc6 3. Bc4 h6 4. c3 Nf6 5. O-O Nxe4 6. Re1 f5 7. d3 Nf6 8. Nxe5
d6 9. Nxc6+ Qe7 10. Bf7+ Kxf7 11. Nxe7 Bxe7 12. Nd2 Rf8 13. Nf3 Be6 14. Nd4 c5
15. Nxe6 Rfc8 16. Qb3 Ke8 17. Nxg7+ Kd7 18. Qxb7+ Kd8 19. Qxe7# 1-0

[Event "AUTO-BEG-531"]
[Site "http://www.queenalice.com/game.php?id=1048744"]
[Date "2012.4.14"]
[Round "1"]
[White "kkwieder"]
[Black "djoko"]
[Result "0-1"]
[WhiteElo "1274"]
[BlackElo "1728"]

1. e4 e5 2. Nf3 Nc6 3. Bb5 a6 4. Ba4 Nf6 5. O-O Be7 6. c4 b5 7. Bb3 Na5 8. cxb5
Nxb3 9. Qxb3 Rb8 10. Ng5 O-O 11. d3 Rxb5 12. Qc2 d5 13. Nc3 Rc5 14. f4 d4 15.
fxe5 Ng4 16. Qd2 dxc3 17. bxc3 Rxe5 18. Nf3 Rh5 19. h3 Ne5 20. d4 Nc4 21. Qd3
Nb6 22. Bb2 f5 23. e5 Be6 24. Qxa6 Bc4 25. Qb7 Bxf1 26. Kxf1 Nd5 27. Re1 f4 28.
c4 Ne3+ 0-1

[Event "AUTO-BEG-531"]
[Site "http://www.queenalice.com/game.php?id=1048755"]
[Date "2012.4.14"]
[Round "1"]
[White "scoutgirl"]
[Black "kkwieder"]
[Result "0-1"]
[WhiteElo "1070"]
[BlackElo "1259"]

1. e4 e5 2. Bc4 Nf6 3. f3 Bc5 4. c3 O-O 5. b4 Bb6 6. Nh3 d6 7. Ba3 Bxh3 8. gxh3
Nh5 9. Rg1 Bxg1 10. Kf1 Bxh2 11. Qe2 Qh4 12. Qxh2 Kh8 13. d4 f5 14. exf5 Rxf5
15. Be6 Rxf3+ 16. Kg2 Qf2+ 17. Kh1 Ng3+ 0-1

[Event "AUTO-BEG-531"]
[Site "http://www.queenalice.com/game.php?id=1048756"]
[Date "2012.4.14"]
[Round "1"]
[White "kkwieder"]
[Black "scoutgirl"]
[Result "0-1"]
[WhiteElo "1267"]
[BlackElo "1046"]

1. e4 e5 2. Nf3 f6 3. Bc4 d5 4. Bxd5 c6 5. Bb3 Bc5 6. Qe2 b5 7. O-O Nh6 8. d3
Nd7 9. Bxh6 gxh6 10. Nbd2 Rg8 11. Bxg8 Kf8 12. Bb3 a5 13. c3 Nb6 14. c4 bxc4 15.
dxc4 a4 16. Bc2 Ra5 17. Nh4 Bd4 18. Qh5 Bxb2 0-1